América y Mallorca (Record no. 13336)

MARC details
000 -LEADER
campo de control de longitud fija 01025nam a22002775i 4500
001 - NÚMERO DE CONTROL
campo de control 13336
003 - IDENTIFICADOR DE NÚMERO DE CONTROL
campo de control ES-MaACL
005 - FECHA Y HORA DE LA ÚLTIMA TRANSACCIÓN
campo de control 20230906150541.0
007 - CAMPO FIJO DE DESCRIPCIÓN FÍSICA--INFORMACIÓN GENERAL
campo de control de longitud fija t|
008 - DATOS DE LONGITUD FIJA--INFORMACIÓN GENERAL
campo de control de longitud fija 950822m19919999sp ||||0| spa j
020 ## - NÚMERO INTERNACIONAL ESTÁNDAR DEL LIBRO
Número Internacional Estándar del Libro 84-87818-02-1
040 ## - FUENTE DE CATALOGACIÓN
Centro catalogador/agencia de origen M-BN
Lengua de catalogación spa
Centro/agencia transcriptor M-BN
080 ## - NÚMERO DE LA CLASIFICACIÓN DECIMAL UNIVERSAL
Número de la Clasificación Decimal Universal 327(8=60:460.32 Mallorca)
080 ## - NÚMERO DE LA CLASIFICACIÓN DECIMAL UNIVERSAL
Número de la Clasificación Decimal Universal 327(460.32 Mallorca:8=60)
245 00 - MENCIÓN DEL TÍTULO
Título América y Mallorca
Resto del título : del predescubrimiento hasta el siglo XX : miscelánea humanística /
Mención de responsabilidad, etc. introducción del prof. Dr. Bartolomé Escandell ; [coordinador, Jesús García Marín].
260 ## - PUBLICACIÓN, DISTRIBUCIÓN, ETC.
Lugar de publicación, distribución, etc. Palma de Mallorca :
Nombre del editor, distribuidor, etc. Ajuntament :
-- Miramar,
Fecha de publicación, distribución, etc. 199.
300 ## - DESCRIPCIÓN FÍSICA
Extensión 1 v. ;
Dimensiones 24 cm.
500 ## - NOTA GENERAL
Nota general Textos en castellano y en catalán.
504 ## - NOTA DE BIBLIOGRAFÍA, ETC.
Nota de bibliografía, etc. Bibliografía.
651 #4 - PUNTO DE ACCESO ADICIONAL DE MATERIA--NOMBRE GEOGRÁFICO
Nombre geográfico América española-
Subdivisión general Relaciones-
Subdivisión geográfica Mallorca.
9 (RLIN) 7739
651 #4 - PUNTO DE ACCESO ADICIONAL DE MATERIA--NOMBRE GEOGRÁFICO
Nombre geográfico Mallorca-
Subdivisión general Relaciones-
Subdivisión geográfica América española.
9 (RLIN) 9017
700 1# - ENTRADA AGREGADA--NOMBRE PERSONAL
Nombre de persona García Marín, Jesús.
9 (RLIN) 54886
700 1# - ENTRADA AGREGADA--NOMBRE PERSONAL
Nombre de persona Escandell Bonet, Bartolomé.
9 (RLIN) 47499
852 ## - LOCALIZACIÓN
Ubicación ES-MaACL
Número de control de estantería L-20677
Sublocalización o colección R.126279
Holdings
Estatus retirado Estado de pérdida Estado de daño No para préstamo Biblioteca de origen Biblioteca actual Ubicación en estantería Fecha de adquisición Fuente de adquisición Total de préstamos Signatura topográfica completa Código de barras Visto por última vez Precio de reemplazo Tipo de ítem Koha
        Biblioteca del Ateneo de Madrid Biblioteca del Ateneo de Madrid Depósito 2 17/01/2008     L-20677 1013579 23/02/2023 23/02/2023 Libro impreso